| 000 | 00479cam a22001815a 4500 | ||
|---|---|---|---|
| 001 | L139049 | ||
| 002 | 16766 | ||
| 008 | 070720s2007 xxk f 000 0 eng d | ||
| 020 | _a9781860819650 | ||
| 035 | _a(Sirsi) u139049 | ||
| 041 | 0 | _aeng | |
| 100 | 1 | _aGaze, C | |
| 245 | 0 | 0 | _aModern methods of construction (MMC) in housing |
| 260 |
_aIHS BRE Press _c2007 |
||
| 651 | 4 | _aENGLAND AND WALES | |
| 856 | 4 | 8 | _uhttps://194.154.180.3/uhtbin/cgisirsi.exe/0/0/0/1/117/X/ |
| 942 | _n0 | ||
| 999 |
_c107271 _d107271 |
||